• 首页
  • 本馆介绍
  • 公告通知
  • 最新文献
  • 馆藏检索
  • 电子资源
  • 读者导购
  • 参考咨询
  • 我的图书馆
  • 登录
  • 详细信息显示
  • 放入我的书架
  • 预约/预借图书
  • 作者相关作品
  • 分类相关作品
  • 丛书相关作品
  • 出版社相关作品

书目信息

  • 表格格式
  • 工作单格式
  • 卡片格式
题名:
儿童和青少年体育教育指导
    
 
作者: 格雷厄姆 , 艾略特 , 帕尔默 著 ;张旎 译
分册:  
出版信息: 北京   人民邮电出版社  2020.4
页数: xvi, 291页
开本: 24cm
丛书名:
单 册:
中图分类: G613.7 , G633.963
科图分类:
主题词: 体育课--学前教育--教学参考资料 , 体育课--中小学--教学参考资料
电子资源:
ISBN: 978-7-115-53108-7
000 01268nam0 2200325 45
001 012001004256
005 20141014170337.0
010    @a978-7-115-53108-7@dCNY128.00
099    @aCAL 012020043992
100    @a20200409d2020 em y0chiy0110 ea
101 1  @achi@ceng
102    @aCN@b110000
105    @aa a 000yy
106    @ar
200 1  @a儿童和青少年体育教育指导@Aer tong he qing shao nian ti yu jiao yu zhi dao@f(英) 乔治·格雷厄姆, 埃洛伊丝·艾略特, 史蒂夫·帕尔默著@g张旎译
210    @a北京@c人民邮电出版社@d2020.4
215    @axvi, 291页@c彩图@d24cm
305    @a据原书第4版译出
320    @a有书目
330    @a本书共14章,从不同维度讲解了成功的体育教师,尤其是一线体育教育工作者所使用的教育或教学方法,包括成功的体育教师需储备的知识、如何授课、怎样管理、制订学年教学计划、激励技巧以及课程反馈与评估等体育教学涉及的内容。
606 0  @a体育课@x学前教育@j教学参考资料
606 0  @a体育课@x中小学@j教学参考资料
690    @aG613.7@v5
690    @aG633.963@v5
701  1 @a格雷厄姆@Age lei e mu@g(Graham, George)@4著
701  1 @a艾略特@Aai lue te@g(Elliott, Eloise)@4著
701  1 @a帕尔默@Apa er mo@g(Palmer, Steve)@4著
702  0 @a张旎@Azhang ni@c(女)@4译
801    @aCN@bAHXH@c20210922
905    @b1360154-8@dG613.7@e2603@f5
    
    儿童和青少年体育教育指导/(英) 乔治·格雷厄姆, 埃洛伊丝·艾略特, 史蒂夫·帕尔默著/张旎译.-北京:人民邮电出版社,2020.4
    xvi, 291页:彩图;24cm
    
    
    ISBN 978-7-115-53108-7:CNY128.00
    本书共14章,从不同维度讲解了成功的体育教师,尤其是一线体育教育工作者所使用的教育或教学方法,包括成功的体育教师需储备的知识、如何授课、怎样管理、制订学年教学计划、激励技巧以及课程反馈与评估等体育教学涉及的内容。
●
相关链接 在E读中查询图书 在五车中查询图书 在当当中查询图书 在豆瓣中查询图书


正题名:儿童和青少年体育教育指导     索取号:G613.7/2603         预约/预借

序号 登录号 条形码 馆藏地/架位号 状态 备注
1 1360154   213601547   第一样本阅览室/ [索取号:G613.7/2603] 在馆    
2 1360155   213601556   教育系资料室/ [索取号:G613.7/2603] 在馆    
3 1360156   213601565   教育系资料室/ [索取号:G613.7/2603] 在馆    
4 1360157   213601574   第四借阅区/ [索取号:G613.7/2603] 在馆    
5 1360158   213601583   第四借阅区/ [索取号:G613.7/2603] 在馆    
唐山师范学院图书馆 欢迎您!
大连网信软件有限公司© 版权所有